Devine le joueur de football selon ses clubs #11 - Statistiques

Statistiques générales
  • Ce quiz a été pris 548 fois
  • Le résultat moyen est 6 sur 8
Statistiques - réponses
1er club 2ème club 3ème club 4ème club Joueurs % Correct
Santos FC FC Barcelone PSG Al-Hilal FC Neymar
96%
PSG Toulouse FC (prêt) Juventus FC OM Adrien Rabiot
89%
FC Nantes US Boulogne (prêt) Francfort PSG Randal Kolo Muani
89%
PSG PSV Eindhoven PSG RB Leipzig (prêt) Xavi Simons
89%
AS Cannes Bordeaux Juventus FC Real Madrid Zinédine Zidane
86%
Dortmund Manchester United Dortmund (prêt) Chelsea FC (prêt) Jadon Sancho
78%
CA Penarol UD Almeria Benfica Liverpool FC Darwin Nunez
67%
GD Ribeirao Rio Ave FC Benfica Lisbonne Manchester City Ederson
51%
Aucun quiz correspondant
Distribution des résultats
% des personnes avec chaque résultat
Percentile par nombre de réponses
Votre historique - résultats
Vous n’avez pas pris ce quiz